Countries of Europe in their official language - Statistics

General Stats
  • This quiz has been taken 10 times
  • The average score is 30 of 45
Answers on the Map
Answers color-coded by a green-red scale on the quiz's map according to % correct below.
 
Answer Stats
Country % Correct
Eire
100%
España
100%
France
100%
Italia
100%
Portugal
100%
United Kingdom
100%
België
90%
Deutschland
90%
Österreich
90%
Andorra
80%
Danmark
80%
Ísland
80%
Liechtenstein
80%
Malta
80%
Monaco
80%
San Marino
80%
Suomi
80%
Sverige
80%
Città del Vaticano
70%
Hrvatska
70%
Luxembourg
70%
Moldova
70%
Nederland
70%
Norge
70%
Polska
70%
România
70%
Schweiz
70%
Россия
60%
Eesti
60%
Kosova
60%
Беларусь
50%
Србија
50%
Latvija
50%
българия
40%
Црна Гора
40%
Ελλάδα
40%
Magyarország
40%
Slovenija
40%
Slovensko
40%
Северна Македонија
30%
Україна
30%
Bosna i Hercegovina
30%
Česká republika
30%
Lietuva
30%
Shqipëria
20%
No matching quizzes found
Score Distribution
Percent of People with Each Score
Percentile by Number Answered
Your Score History
You have not taken this quiz